Score 0/27 Timer 06:00
63 Plays Today
Question Answer Wrong Answers
Right to bear arms: 2nd
86.9%
5th
2.2%
9th
1.4%
22nd
1.2%
Right to avoid self-incrimination: 5th
80.2%
4th
5.9%
15th
3.3%
23rd
2.3%
Prohibition against quartering troops in private homes: 3rd
79.3%
9th
6.4%
11th
3%
17th
2.6%
Right to peaceably assemble: 1st
76.5%
4th
6.8%
6th
5.3%
10th
2.9%
Prohibition against cruel and unusual punishment: 8th
76.2%
2nd
8%
13th
3.9%
18th
3.2%
Prohibition against slavery and involuntary servitude: 13th
74.3%
17th
7.6%
19th
5.9%
21st
3.6%
Prohibition against denying the right to vote based on gender: 19th
72.1%
15th
8.5%
9th
3%
29th
8%
Prohibition against unreasonable searches and seizures: 4th
70.9%
1st
3.6%
6th
13.4%
16th
3.5%
Reservation to the states of powers not enumerated to the federal government: 10th
69.9%
14th
8.1%
5th
7.6%
21st
5.4%
Repeal of prohibition: 21st
69.7%
18th
5.5%
19th
7.6%
20th
8.6%
Prohibition against manufacture and sale of intoxicating liquor: 18th
69.7%
16th
6.1%
21st
11.6%
23rd
3.9%
Prohibition against denying the right to vote based on race or color: 15th
66.5%
8th
3.2%
19th
11.9%
21st
9.8%
Provision of sovereign immunity to the states: 11th
66.3%
16th
10.7%
24th
7.7%
27th
6.1%
Prohibition against mid-term raises for Congress: 27th
63.6%
7th
4.7%
3rd
2.3%
23rd
20.7%
Right to counsel in criminal cases: 6th
62%
4th
20.1%
14th
6.2%
1st
3.1%
Reservation of rights not otherwise specified: 9th
61.9%
11th
15%
13th
6.4%
15th
7.8%
Right to jury trial in civil suits: 7th
59.3%
5th
23.6%
17th
5.2%
19th
3.2%
Limit of two terms as President: 22nd
59.1%
2nd
2.7%
12th
6.8%
25th
22.7%
Equal protection clause: 14th
59%
4th
16.1%
24th
9.9%
34th
6.2%
Prohibition against denying the right to vote to those over the age of 18: 26th
58.1%
19th
10.4%
15th
11.3%
18th
11.5%
Electoral College process for election of President and Vice-President: 12th
55.4%
16th
9.8%
20th
10.1%
24th
15.8%
Establishing January 20th as inauguration day: 20th
52.4%
8th
6.4%
18th
13.8%
28th
18.6%
Authorization for federal government to collect an income tax: 16th
51.3%
10th
10.8%
11th
13.4%
20th
15.3%
Process for election of U.S. senators: 17th
50.3%
7th
14%
11th
15.9%
19th
10.6%
Electoral College representation for the District of Columbia: 23rd
47.1%
26th
32%
3rd
3.3%
16th
8.6%
Succession of Vice-President to office of President if the office should become vacant: 25th
46.8%
17th
15.4%
22nd
15.3%
9th
13.8%
Prohibition against poll taxes: 24th
42.1%
14th
27.2%
19th
12.7%
27th
9.2%
Remove Ads.
Support Sporcle.
Get the best of Sporcle when you Go Orange. This ad-free experience offers more features, more stats, and more fun while also helping to support Sporcle. Thank you for becoming a member.

You're not logged in!

Compare scores with friends on all Sporcle quizzes.
OR
Log In

Show Comments

Extras

Top Quizzes Today


Score Distribution

Your Account Isn't Verified!

In order to create a playlist on Sporcle, you need to verify the email address you used during registration. Go to your Sporcle Settings to finish the process.

Report this User

Report this user for behavior that violates our Community Guidelines.

Details: